| 000 | 00420nam a2200169Ia 4500 | ||
|---|---|---|---|
| 001 | 13571 | ||
| 003 | IN-NITTTR | ||
| 005 | 20251114233127.0 | ||
| 008 | 251113s9999||||xx |||||||||||||| ||eng|| | ||
| 040 | _beng | ||
| 040 | _cIN-NITTTR | ||
| 041 | _aeng | ||
| 082 | _a030 P273B | ||
| 245 | 0 |
_aBhargava's standard illustrated dictionary(Hindi-English) / _cPathak, R. C., ed. |
|
| 700 | _aPathak, R. C. | ||
| 942 |
_2ddc _cBK |
||
| 999 |
_c16207 _d16207 |
||